Statistiques concernant Équipes-types de la Ligue des Champions : 2021

Cliquez ici pour prendre le quiz!

Statistiques générales

  • Ce quiz a été pris 2 498 fois
  • Le résultat moyen est 18 sur 23

Statistiques - réponses

JoueurClub% Correct
Thibault CourtoisRéal Madrid
100%
EdersonManchester City
96%
Edouard MendyChelsea
96%
Kylian MbappéPSG
96%
Karim BenzemaRéal Madrid
95%
NeymarPSG
94%
Kevin de BruyneManchester City
92%
Lionel MessiFC Barcelone
92%
MarquinhosPSG
91%
Robert LewandowskiBayern Munich
91%
Erling HaalandBorussia Dortmund
90%
Luka ModricRéal Madrid
89%
Ngolo KantéChelsea
89%
Ruben DiasManchester City
83%
Antonio RudigerChelsea
78%
JorginhoChelsea
74%
Ilkay GündoğanManchester City
65%
César AzpilicuetaChelsea
63%
Mason MountChelsea
54%
Phil FodenManchester City
48%
David AlabaBayern Munich
45%
Ben ChilwellChelsea
37%
Sergio OliveiraFC Porto
21%

Distribution des résultats

Percentile par nombre de réponses

% des personnes avec chaque résultat

Votre développement - résultats

Vous n’avez pas pris ce quiz